Proceedings of the Royal Institution of Great Britain (Record no. 77210)
[ view plain ]
| 000 -LEADER | |
|---|---|
| fixed length control field | 01041nam a2200217 a 4500 |
| 008 - FIXED-LENGTH DATA ELEMENTS--GENERAL INFORMATION | |
| fixed length control field | 080109s1982 ||||||||||||||||| || u |
| 020 ## - INTERNATIONAL STANDARD BOOK NUMBER | |
| International Standard Book Number | 090592701X |
| 020 ## - INTERNATIONAL STANDARD BOOK NUMBER | |
| International Standard Book Number | 0198558368 |
| 050 ## - LIBRARY OF CONGRESS CALL NUMBER | |
| Classification number | Q 41 Roy |
| 245 00 - TITLE STATEMENT | |
| Title | Proceedings of the Royal Institution of Great Britain |
| 260 ## - PUBLICATION, DISTRIBUTION, ETC. | |
| Place of publication, distribution, etc. | Oxford |
| Name of publisher, distributor, etc. | The University Press |
| Date of publication, distribution, etc. | 1982- |
| 300 ## - PHYSICAL DESCRIPTION | |
| Extent | Vols. : ill. |
| 350 ## - | |
| -- | 0.00 |
| 490 ## - | |
| -- | The Proceedings of the Royal Institution |
| 500 ## - GENERAL NOTE | |
| General note | CONTENTS: vols. 54 & 65-66 |
| 650 #7 - SUBJECT ADDED ENTRY--TOPICAL TERM | |
| Topical term or geographic name entry element | SCIENCE |
| Source of heading or term | fast |
| 650 ## - SUBJECT ADDED ENTRY--TOPICAL TERM | |
| Topical term or geographic name entry element | Science--Great Britain--Periodicals. Science--Periodicals |
| 995 ## - | |
| -- | ANNEX COLLECTION (Main Library) |
| -- | 0.00 |
| -- | 720236 |
| -- | CBU-MAIN LIBRARY (Kitwe) |
| -- | 1 |
| -- | 20.00 |
| -- | Q 41 Roy |
| -- | 1 |
| -- | AVAILABLE |
| -- | 011236 |
| -- | Annex Low-Usage Collection |
| 995 ## - | |
| -- | ANNEX COLLECTION (Main Library) |
| -- | 0.00 |
| -- | 727938 |
| -- | CBU-MAIN LIBRARY (Kitwe) |
| -- | 2 |
| -- | 2.50 |
| -- | Q 41 ROY |
| -- | 3 |
| -- | AVAILABLE |
| -- | 026496 |
| -- | Annex Low-Usage Collection |
| 995 ## - | |
| -- | MAIN LIBRARY OPEN ACCESS |
| -- | 0.00 |
| -- | 727937 |
| -- | CBU-MAIN LIBRARY (Kitwe) |
| -- | 1 |
| -- | 2.50 |
| -- | Q 41 ROY |
| -- | 2 |
| -- | AVAILABLE |
| -- | 025936 |
| -- | Main Library Open Access Collection |
| 999 ## - | |
| -- | 77210 |
| -- | 77210 |
| Withdrawn status | Lost status | Source of classification or shelving scheme | Damaged status | Not for loan | Permanent Location | Current Location | Shelving location | Date acquired | Total Checkouts | Full call number | Barcode | Date last seen | Copy number | Price effective from | Koha item type |
|---|---|---|---|---|---|---|---|---|---|---|---|---|---|---|---|
| CBU-MAIN LIBRARY, KITWE. | CBU-MAIN LIBRARY, KITWE. | 04/25/2023 | Q 41 Roy | 011236 | 04/25/2023 | 1 | 04/25/2023 | MONOGRAPH | |||||||
| CBU-MAIN LIBRARY, KITWE. | CBU-MAIN LIBRARY, KITWE. | 04/25/2023 | Q 41 Roy | 026496 | 04/25/2023 | 2 | 04/25/2023 | MONOGRAPH | |||||||
| CBU-MAIN LIBRARY, KITWE. | CBU-MAIN LIBRARY, KITWE. | 04/25/2023 | Q 41 Roy | 025936 | 04/25/2023 | 3 | 04/25/2023 | MONOGRAPH |